000 00681nam a2200241Ia 4500
003 OSt
005 20220926013925.0
006 a|||||r|||| 00| 0
007 ta
008 220923b |||||||| |||| 00| 0 eng d
020 _a0 471 99605 X
037 _cGeneral Book
040 _aRTL
_cRTL
_beng
041 _2eng
_aeng
082 _aU43:(G:5), L9
100 _aLaurie Ian C Ed.
_9319264
245 0 _aNature in cities
_b The natural environment in the
260 _aNew York
_bJohn Wiley U. S. A.
_c1979
300 _axix, 428p
_ccm.
650 _aUrban Geography
942 _hU43:(G:5), L9
_cGB
_2CC
999 _c627163
_d627163